Movies Quiz

Random Movies or Actor Quiz

Female Lead by Co-Stars Quiz Stats

 Plays Quiz Updated Oct 3, 2015

Challenge
Share
Tweet
Embed
Score 0/20 Timer 06:00
2 Plays Today
Co-Stars Female Lead % Correct
Richard Gere, Hugh Grant, Albert Finney, Tom Hanks, Clive OwenJulia Roberts
91.7%
Billy Crystal, Tom Hanks, Alec Baldwin, Andy Garcia, Denzel WashingtonMeg Ryan
72.9%
Chris O'Donnell, Adam Sandler, David Arquette, Cameron Diaz, Lucy LiuDrew Barrymore
72.4%
Keanu Reeves, Bill Pullman, Harry Connick Jr., Ryan Reynolds, Quinton AaronSandra Bullock
71.2%
John Travolta, John Cleese, Arnold Schwarzenegger, Ron Silver, Lindsay LohanJamie Lee Curtis
70.8%
Rob Lowe, Patrick Swayze, Michael Douglas, Alec Baldwin, Viggo MortensenDemi Moore
67.5%
Dustin Hoffman, Jeremy Irons, Robert Redford, Clint Eastwood, Amy AdamsMeryl Streep
63.7%
Cary Grant, Humphrey Bogart, Spencer Tracy, James Stewart, Henry FondaKatharine Hepburn
62.8%
Robert Redford, Donald Sutherland, George Segal, Jon Voight, Henry FondaJane Fonda
57.4%
Robert De Niro, Anthony Hopkins, Liam Neeson, Chow Yun-fat, Matthew McConaugheyJodie Foster
56.9%
Co-Stars Female Lead % Correct
Julie Andrews, Steve Carell, Rosemarie DeWitt, Kate Hudson, Jake GyllenhaalAnne Hathaway
55.7%
Ethan Hawke, Joseph Fiennes, Jude Law, Jack Black, Garrett HedlundGwyneth Paltrow
54.9%
Chevy Chase, George Segal, Armand Assante, Kurt Russell, Bette MidlerGoldie Hawn
53.2%
Tom Cruise, Jim Carrey, Colin Firth, Russell Crowe, Catherine Zeta-JonesRenée Zellweger
47.2%
Jane Russell, Tony Curtis, Betty Grable, Tom Ewell, Montgomery CliftMarilyn Monroe
45.5%
Henry Fonda, Anne Baxter, Joan Crawford, Paul Henreid, Monty WoolleyBette Davis
34.6%
Gary Cooper, Charles Boyer, Bing Crosby, Humphrey Bogart, Gregory PeckIngrid Bergman
26.9%
John Travolta, Richard Gere, Shirley Maclaine, John Malkovich, Billy CrystalDebra Winger
25.7%
Nicolas Cage, William Hurt, Richard Dreyfuss, Mary Steenburgen, Harvey KeitelHolly Hunter
24.1%
William Hurt, Nicolas Cage, Jack Nicholson, Michael Douglas, Sam WaterstonKathleen Turner
20.8%

You're not logged in!

Compare scores with friends on all Sporcle quizzes.
OR
Log In

You Might Also Like...

Show Comments

Extras

Top Quizzes Today


Score Distribution

Your Account Isn't Verified!

In order to create a playlist on Sporcle, you need to verify the email address you used during registration. Go to your Sporcle Settings to finish the process.

Report this User

Report this user for behavior that violates our Community Guidelines.

Details: